00480 2200181 4500001002100000005001500021008004100036020001800077035001900095041000700114082001000121090002000131100005300151245003200204260001600236300003000252990001600282INLIS00000000000046320220725115720220725||||||||| | ||| |||| || |  a979-689-241-3 0010-0722000463 aid0 a630.7 a630.7/Pad m C.10 aPADMOWIHARDJO,SoedijantoPADMOWIHARDJO,Soedijanto00aMetode Penyuluhan Pertanian aDepokc2001 aiv.,Pig.,;250.,Bil.,29 Cm a00000006447